Southville International School and Colleges
Your cart is empty.
  • Cart
  • Lists
    Public lists Eva Luna New books Lux_list list_1
    Your lists Log in to create your own lists
  • Log in to your account
  • Your cookies
  • Search history
Southville International School and Colleges
  • Advanced search
  • Recent comments
  • Most popular
  • Libraries

Log in to your account

Log in with GOOGLE


If you do not have an external account, but do have a local account, you can still log in:

  1. Home
  2. MARC view: The sick lion and :
Normal view MARC view ISBD view

The sick lion and : (Record no. 105248)

[ view plain ]
MARC details
000 -LEADER
fixed length control field 00503nam a2200181 a 4500
005 - DATE AND TIME OF LATEST TRANSACTION
control field 20140412111348.0
008 - FIXED-LENGTH DATA ELEMENTS--GENERAL INFORMATION
fixed length control field 050420s19uu xx 00 eng d
020 ## - INTERNATIONAL STANDARD BOOK NUMBER
International Standard Book Number 1-84135-079-6
050 ## - LIBRARY OF CONGRESS CALL NUMBER
Classification number ER
Item number Si12 2001
100 ## - MAIN ENTRY--PERSONAL NAME
Personal name Biro, Val
245 ## - TITLE STATEMENT
Title The sick lion and :
Remainder of title The hare and the tortoise /
Statement of responsibility, etc Val Biro.
260 ## - PUBLICATION, DISTRIBUTION, ETC. (IMPRINT)
Place of publication, distribution, etc London :
Name of publisher, distributor, etc Award Publications Ltd.,
Date of publication, distribution, etc 2001.
300 ## - PHYSICAL DESCRIPTION
Extent 1 v. (unp.) ; ill.
440 ## - SERIES STATEMENT/ADDED ENTRY--TITLE
Title Aesop's Fables
650 ## - SUBJECT ADDED ENTRY--TOPICAL TERM
Topical term or geographic name as entry element Aesops
650 ## - SUBJECT ADDED ENTRY--TOPICAL TERM
Topical term or geographic name as entry element Children stories
Holdings
Withdrawn status Lost status Damaged status Home library Current library Shelving location Date acquired Source of acquisition Total Checkouts Full call number Barcode Date last seen Price effective from Koha item type
      Elizalde Library Elizalde Library Easy Reading Section 04/20/2005     ER Si12 2001 E9739 04/12/2014 04/12/2014 Books

The sick lion and :

APA

Biro V., . (2001). The sick lion and. London: Award Publications Ltd.

Chicago

Biro Val, . 2001. The sick lion and. London: Award Publications Ltd.

Harvard

Biro V., . (2001). The sick lion and. London: Award Publications Ltd.

MLA

Biro Val, . The sick lion and. London: Award Publications Ltd. 2001.

  • Place hold
  • Print
  • Cite
  • Add to your cart (remove)
  • Save record
    BIBTEX Dublin Core MARCXML MARC (non-Unicode/MARC-8) MARC (Unicode/UTF-8) MARC (Unicode/UTF-8, Standard) MODS (XML) RIS
  • More searches
    Search for this title in:
    Other Libraries (WorldCat) Other Databases (Google Scholar) Online Stores (Bookfinder.com) Open Library (openlibrary.org)

Exporting to Dublin Core...

SOUTHVILLE LIBRARY

Southville International School and Colleges Library

1281 Tropical Ave. Cor. Luxembourg St., BF Homes International, Las Pinas City

Tel. No. 8256374 / 252358 Loc. 117/146

Powered by Koha